000
00275pam a2200121 a 4500
020
_c
041
_h
082
_a
750
_b
VAD
245
_a
Shilpa Gupta
_h
Textual Documents
260
_a
[s.l]:
_b
Vadhera Art Gallery , Delhi,
_c
2008.
300
_a
248:
_b
paper.
930
_a
7008
999
_c
240798
_d
240798